MARC details
| 000 -LEADER |
| fixed length control field |
03854cam a2200469 i 4500 |
| 001 - CONTROL NUMBER |
| control field |
19428582 |
| 003 - CONTROL NUMBER IDENTIFIER |
| control field |
GBCCL |
| 005 - DATE AND TIME OF LATEST TRANSACTION |
| control field |
20241126110628.0 |
| 008 - FIXED-LENGTH DATA ELEMENTS--GENERAL INFORMATION |
| fixed length control field |
160523s2016 ii b 100 0 eng d |
| 010 ## - |
| -- |
2016334797 |
| 020 ## - INTERNATIONAL STANDARD BOOK NUMBER |
| International Standard Book Number |
9788184655360 (paperback) |
| 020 ## - INTERNATIONAL STANDARD BOOK NUMBER |
| International Standard Book Number |
8184655363 (paperback) |
| 020 ## - INTERNATIONAL STANDARD BOOK NUMBER |
| Canceled/invalid ISBN |
9788184655414 (ebook) |
| 025 ## - OVERSEAS ACQUISITION NUMBER |
| Overseas acquisition number |
I-E-2016334797 ; 13-91 |
| 035 ## - SYSTEM CONTROL NUMBER |
| System control number |
(OCoLC)ocn950270631 |
| 035 ## - SYSTEM CONTROL NUMBER |
| System control number |
(OCoLC)950270631 |
| Canceled/invalid control number |
(OCoLC)952822830 |
| 037 ## - SOURCE OF ACQUISITION |
| Source of stock number/acquisition |
Library of Congress -- New Delhi Overseas Office |
| 040 ## - CATALOGING SOURCE |
| Original cataloging agency |
KTS |
| Language of cataloging |
eng |
| Description conventions |
rda |
| Transcribing agency |
KTS |
| Modifying agency |
KTS |
| -- |
OCLCO |
| -- |
OCLCF |
| -- |
OCLCO |
| -- |
DKAGE |
| -- |
DLC |
| 042 ## - |
| -- |
lccopycat |
| -- |
lcode |
| 050 00 - |
| -- |
BV600.3 |
| -- |
Y685 2014 |
| 082 04 - DEWEY DECIMAL CLASSIFICATION NUMBER |
| Classification number |
262.00285 |
| Edition information |
23 |
| Item number |
ECC |
| 090 ## - LOCALLY ASSIGNED LC-TYPE CALL NUMBER (OCLC); LOCAL CALL NUMBER (RLIN) |
| Classification number (OCLC) (R) ; Classification number, CALL (RLIN) (NR) |
BV600.3 |
| Local cutter number (OCLC) ; Book number/undivided call number, CALL (RLIN) |
.E33 2016 |
| 111 2# - |
| -- |
Young Theologians Conclave |
| -- |
(2014 : |
| -- |
Bangalore, India) |
| -- |
author. |
| -- |
13164 |
| 245 10 - TITLE STATEMENT |
| Title |
Ecclesiology in the cyber age : |
| Remainder of title |
papers presented at Young Theologians Conclave, ERC-UTC Bangalore, June 26-27, 2014 / |
| Statement of responsibility, etc. |
editor, Sweety Helen Chukka. |
| 264 #1 - PRODUCTION, PUBLICATION, DISTRIBUTION, MANUFACTURE, AND COPYRIGHT NOTICE |
| Place of production, publication, distribution, manufacture |
Delhi, [India] : |
| Name of producer, publisher, distributor, manufacturer |
ISPCK ; |
| Place of production, publication, distribution, manufacture |
Nagpur, [India] : |
| Name of producer, publisher, distributor, manufacturer |
Christian Service Agency (CSA), |
| Date of production, publication, distribution, manufacture, or copyright notice |
2016. |
| 300 ## - PHYSICAL DESCRIPTION |
| Extent |
xiii, 155 pages ; |
| Dimensions |
22 cm |
| 336 ## - CONTENT TYPE |
| Content type term |
text |
| Content type code |
txt |
| Source |
rdacontent |
| 337 ## - MEDIA TYPE |
| Media type term |
unmediated |
| Media type code |
n |
| Source |
rdamedia |
| 338 ## - CARRIER TYPE |
| Carrier type term |
volume |
| Carrier type code |
nc |
| Source |
rdacarrier |
| 504 ## - BIBLIOGRAPHY, ETC. NOTE |
| Bibliography, etc. note |
Includes bibliographical references. |
| 505 00 - FORMATTED CONTENTS NOTE |
| Title |
Ecclesiologies in different biblical ages : discerning insights for the church in the cyber age / |
| Statement of responsibility |
Roger Gaikwad -- |
| Title |
Towards an ecclesiology of the internet and its age : squaring a circle with a triangle? / |
| Statement of responsibility |
Michael Jackson -- |
| Title |
Cybertheology in the cyber age / |
| Statement of responsibility |
M. Peter Singh -- |
| Title |
Freedom in the cyber age : towards life in fellowship / |
| Statement of responsibility |
Prasuna Gnana Nelavala -- |
| Title |
Power and authority in church "cyber exousia" / |
| Statement of responsibility |
K. James Cecil Victor -- |
| Title |
Relevant theologies in the cyber age / |
| Statement of responsibility |
Jerry Kurian -- |
| Title |
From oral text to print texts to cyber texts : textual textures in the terrain of texting : interrogating issues of cyber-hermeneutics / |
| Statement of responsibility |
Raj Bharath Patta -- |
| Title |
Elkanas' split filial affinity : challenges to cyber ergonomics / |
| Statement of responsibility |
Vinod Victor -- |
| Title |
Churches responding to conflict in cyber age / |
| Statement of responsibility |
Canon Dr. Leslie Nathaniel -- |
| Title |
Rural implications in the cyber age / |
| Statement of responsibility |
Caesar David, |
| -- |
Sunil Raj Philip -- |
| Title |
Digital harmony in cyber communication : zeitgeist of ecclesial communication / |
| Statement of responsibility |
Anilal M. Jose, |
| -- |
Gnana D. Hans. |
| 520 ## - SUMMARY, ETC. |
| Summary, etc. |
"The focus of Ecclesiology in the Cyber Age becomes pertinent in this culture of virtuality. Virtual communication, virtual communion, Web Churches, Hitech meetings etc are the way of the day and this virtual age enables us as human beings to draw closer not necessarily on a physical space but on a virtual space. This virtual space and openness that it holds in terms of allowing everyone to participate without disclosing their identity enables us [to] learn adventurous and innovative ways of doing mission. As the mission objectives are on constant change in this diverse world, the mission of the Church in the Cyber age is another challenge. This challenge is a positive challenge posed to the church to transform itself according to the changing context. But this might also cause threat to the physical presence that one would have in a physical space. But when that physical space becomes a distant reality, Virtual space only becomes a reality. Bishop Taranath S. Sagar, President, NCCI."--Back cover. |
| 650 #0 - SUBJECT ADDED ENTRY--TOPICAL TERM |
| Topical term or geographic name entry element |
Church |
| Form subdivision |
Congresses. |
| 9 (RLIN) |
13165 |
| 650 #0 - SUBJECT ADDED ENTRY--TOPICAL TERM |
| Topical term or geographic name entry element |
Christianity |
| Chronological subdivision |
21st century |
| Form subdivision |
Congresses. |
| 9 (RLIN) |
13166 |
| 650 #0 - SUBJECT ADDED ENTRY--TOPICAL TERM |
| Topical term or geographic name entry element |
Christianity and culture |
| Form subdivision |
Congresses. |
| 9 (RLIN) |
13167 |
| 700 1# - ADDED ENTRY--PERSONAL NAME |
| Personal name |
Chukka, Sweety Helen, |
| Relator term |
editor. |
| 9 (RLIN) |
13168 |
| 710 2# - ADDED ENTRY--CORPORATE NAME |
| Corporate name or jurisdiction name as entry element |
I.S.P.C.K. (Organization), |
| Relator term |
publisher. |
| 9 (RLIN) |
393 |
| 710 2# - ADDED ENTRY--CORPORATE NAME |
| Corporate name or jurisdiction name as entry element |
Christian Service Agency (Nāgpur, India), |
| Relator term |
publisher. |
| 9 (RLIN) |
13169 |
| 906 ## - LOCAL DATA ELEMENT F, LDF (RLIN) |
| a |
7 |
| b |
cbc |
| c |
copycat |
| d |
3 |
| e |
ncip |
| f |
20 |
| g |
y-gencatlg |
| 942 ## - ADDED ENTRY ELEMENTS (KOHA) |
| Source of classification or shelving scheme |
Dewey Decimal Classification |
| Koha item type |
Books |
| Koha issues (borrowed), all copies |
2 |